Hansna Mana nahi (Record no. 534132)
[ view plain ]
| 000 -LEADER | |
|---|---|
| fixed length control field | 00300nam a22001217a 4500 |
| 040 ## - CATALOGING SOURCE | |
| Transcribing agency | dlc |
| 082 ## - DEWEY DECIMAL CLASSIFICATION NUMBER | |
| Classification number | 891.4398 |
| 100 ## - MAIN ENTRY--PERSONAL NAME | |
| Personal name | Aman Ullah Nayyar Shoukat |
| 9 (RLIN) | 28277 |
| 245 ## - TITLE STATEMENT | |
| Title | Hansna Mana nahi |
| 260 ## - PUBLICATION, DISTRIBUTION, ETC. | |
| Place of publication, distribution, etc. | Lahore |
| Name of publisher, distributor, etc. | Ch. Ghulam Rasool & Sons Publications |
| Date of publication, distribution, etc. | [N.D] |
| 300 ## - PHYSICAL DESCRIPTION | |
| Extent | 240;p |
| 942 ## - ADDED ENTRY ELEMENTS (KOHA) | |
| Source of classification or shelving scheme | |
| Koha item type | Book |
| Withdrawn status | Lost status | Source of classification or shelving scheme | Damaged status | Not for loan | Permanent Location | Current Location | Date acquired | Total Checkouts | Full call number | Barcode | Date last seen | Date last checked out | Price effective from | Koha item type |
|---|---|---|---|---|---|---|---|---|---|---|---|---|---|---|
| School of Civil and Environmental Engineering (SCEE) | School of Civil and Environmental Engineering (SCEE) | 02/04/2020 | 1 | 891.4398 | NIT-9638 | 11/07/2023 | 10/06/2023 | 02/04/2020 | Book |
